Statistics for Australian Prime Ministers

Click here to take the quiz!

General Stats

  • This quiz has been taken 3,229 times
    (3,182 since last reset)
  • The average score is 19 of 34

Answer Stats

HintAnswer% Correct
2010-2013Julia Gillard
96%
2007-2010Kevin Rudd
95%
2013-2013Kevin Rudd
94%
2013-Tony Abbott
92%
1996-2007John Howard
91%
1983-1991Bob Hawke
82%
1991-1996Paul Keating
80%
1972-1975Gough Whitlam
77%
1901-1903Edmund Barton
76%
1966-1967Harold Holt
75%
1939-1941 | 1949-1966Robert Menzies
73%
1975-1983Malcolm Fraser
68%
1941-1945John Curtin
55%
1903-1904 | 1905-1908 | 1909-1910Alfred Deakin
54%
1971-1972William Mcmahon
46%
1915-1923Billy Hughes
46%
1945-1949Ben Chifley
42%
1968-1971John Gorton
42%
1908-1909 | 1910-1913 | 1914-1915Andrew Fisher
38%
1932-1939Joseph Lyons
34%
1945-1945Frank Forde
32%
1923-1929Stanley Bruce
31%
1967-1968John Mcewen
31%
1904-1904Chris Watson
31%
1904-1905George Reid
30%
1913-1914Joseph Cook
29%
1929-1932James Scullin
27%
1939-1939Earl Page
27%
1941-1941Arthur Fadden
26%

Score Distribution

Percentile by Number Answered

Percent of People with Each Score

Your Score History

You have not taken this quiz since the last reset